000 00970nam a2200253Ia 4500
003 Ost
005 20260507075657.0
008 260507s9999||||xx |||||||||||||| ||und||
020 _a9771711911
040 _cfsecg
041 _aara
082 _a363.7068
100 _aطاحون، زكريا
_eمؤلف
245 0 _aإدارة البيئة نحو الإنتاج الأنظف /
_c زكريا طاحون
260 _aالقاهرة:
_bجمعية المكتب العربي للبحوث والبيئة,
_c2005
300 _a318 صفحة؛
_bإيضاحات ؛
_c24 سم
490 _aسلسلة صون البيئة
_v8
504 _aالمراجع ص.317
520 _aالبيئة والايكولوجية، الادارة الواعية للموارد، الادارة البيئية ودورها في انظاف البيئة.
653 _aالإدارة البيئية
653 _aالبيئة
653 _aحماية البيئة
942 _cكتاب
999 _c45730
_d45730